00297nam a2200121Ia 4500008004100000041001200041082001600053100001600069245004400085260003100129300000800160650000700168221030s9999 xx 000 0 und d aEnglish a105.23bGup aS. S. Gupta 0aElectrical Engineering (Objective Type) bLaxmi PubaNew Delhic1999 a755 aEE